000 004730000a22001810004500
041 0 _aENG
082 0 4 _aG 234.8 W513f
100 1 _aWesley, Juan (1703-1791)
245 1 0 _aEntire Bible on holiness / John Wesley, Adam Clarke
260 _aSeymour, Indiana, USA : [S:N]
300 _a272 Pag
650 1 4 _aSANTIFICACION
001 4341
942 _cBK
999 _c34949
_d34949
336 _atexto
_btxt
_2rdacontent
337 _2rdamedia
_asin mediación
_bn
338 _2rdacarrier
_avolumen
_bnc